| 000 -LEADER | |
|---|---|
| fixed length control field | 00472nam a22001697a 4500 |
| 005 - DATE AND TIME OF LATEST TRANSACTION | |
| control field | 20210909101541.0 |
| 008 - FIXED-LENGTH DATA ELEMENTS--GENERAL INFORMATION | |
| fixed length control field | 170909b xxu||||| |||| 00| 0 eng d |
| 020 ## - INTERNATIONAL STANDARD BOOK NUMBER | |
| ISBN | 9780994869104 |
| 041 ## - LANGUAGE CODE | |
| Language code of text/sound track or separate title | eng |
| 082 ## - DEWEY DECIMAL CLASSIFICATION NUMBER | |
| Classification number | 632.7 |
| 100 ## - MAIN ENTRY--AUTHOR NAME | |
| Personal name | DAVID, B. VASANTHARAJ AND RAMAMURTHY, V.V. |
| 245 ## - TITLE STATEMENT | |
| Title | ELEMENTS OF ECONOMIC ENTOMOLOGY |
| Statement of responsibility, etc | B. VASANTHARAJ DAVID AND V.V. RAMAMURTHY |
| 250 ## - EDITION STATEMENT | |
| Edition statement | 8th |
| 260 ## - PUBLICATION, DISTRIBUTION, ETC. (IMPRINT) | |
| Place of publication | NEW YORK |
| Name of publisher | BRILLION PUBLICATION |
| 300 ## - PHYSICAL DESCRIPTION | |
| Number of Pages | 398p. |
| 942 ## - ADDED ENTRY ELEMENTS (KOHA) | |
| Koha item type | Books |
| Lost status | Damaged status | Collection code | Home library | Current library | Shelving location | Date acquired | Source of acquisition | Cost, normal purchase price | Full call number | Accession Number | Koha item type |
|---|---|---|---|---|---|---|---|---|---|---|---|
| Reference | JRU Library | JRU Library | SHELF-2-A | 09/09/2017 | PURCHESS | 995.00 | 632.7 | 21877 | Books | ||
| AGRICULTURE | JRU Library | JRU Library | SHELF-43-C | 09/09/2017 | PURCHESS | 995.00 | 632.7 | 21878 | Books | ||
| AGRICULTURE | JRU Library | JRU Library | SHELF-43-C | 09/09/2017 | PURCHESS | 995.00 | 632.7 | 21879 | Books | ||
| AGRICULTURE | JRU Library | JRU Library | SHELF-43-C | 09/09/2017 | PURCHESS | 995.00 | 632.7 | 21880 | Books | ||
| AGRICULTURE | JRU Library | JRU Library | SHELF-43-C | 09/09/2017 | PURCHESS | 995.00 | 632.7 | 21881 | Books |